000 00561nam a2200205 a 4500
001 83409
003 BD-RjUL
005 20240319150056.0
008 240319s1960 enk 000 0 eng d
035 _a(BD-RjUL)83409
040 _aXNTU
_beng
_cXNTU
_dBD-RjUL
041 _aeng
082 1 4 _223
_a823.912
_bPOC 1960
100 1 _aPowell, Anthony,
_d1905-
_912209
245 1 0 _aCasanova's Chinese restaurant :
_ba novel /
_cAnthony Powell.
260 _aLondon :
_bHeinemann,
_c1960.
300 _a229 p. ;
_c19 cm.
650 _aEnglish Fiction
942 _2ddc
_cBK
999 _c83409
_d83409